Transgresión y fe en la obra El zapato de raso, de Paul Claudel (Record no. 735642)
[ view plain ]
| 000 -CABECERA | |
|---|---|
| Campo de control de longitud fija | 00472nab a2200145Ia 4500 |
| 003 - IDENTIFICADOR DEL NÚMERO DE CONTROL | |
| Campo de control | ES-SlBCS |
| 005 - FECHA Y HORA DE LA ÚLTIMA TRANSACCIÓN | |
| Campo de control | 20210601150121.0 |
| 008 - CÓDIGOS DE INFORMACIÓN DE LONGITUD FIJA | |
| Campo de control de longitud fija | 140529s2010 xxu||||| |||| 00| 0 spa d |
| 041 ## - CÓDIGO DE LENGUA | |
| Código de lengua del texto/banda sonora o título independiente | spa |
| 100 1# - PUNTO DE ACCESO PRINCIPAL-NOMBRE DE PERSONA | |
| Nombre de persona | Bordenave, Martha |
| 9 (RLIN) | 319683 |
| 245 00 - MENCIÓN DE TÍTULO | |
| Título | Transgresión y fe en la obra El zapato de raso, de Paul Claudel |
| Mención de responsabilidad, etc. | Martha Bordenave |
| 600 1# - PUNTO DE ACCESO ADICIONAL DE MATERIA-NOMBRE DE PERSONA | |
| Nombre personal | Claudel, Paul-Teatro |
| 9 (RLIN) | 188640 |
| 773 0# - ENLACE AL DOCUMENTO FUENTE | |
| Título | Signos Universitarios |
| Parte(s) relacionada(s) | vol. 29, nº. 45, 2010, págs. 106-128 |
| Número de control del registro relacionado | Rev433 |
| 942 ## - ENTRADA DE ELEMENTOS AGREGADOS (KOHA) | |
| Koha [por defecto] tipo de item | Artículos de revista |
| Suprimido | Perdido | Estropeado | No para préstamo | Localización permanente | Localización actual | Localización en estantería | Fecha adquisición | Préstamos totales | Fecha última consulta | Fecha del precio de reemplazo | Tipo de item de Koha |
|---|---|---|---|---|---|---|---|---|---|---|---|
| San Esteban | San Esteban | Depósito de revistas | 11/07/2014 | 11/07/2014 | 11/07/2014 | Artículos de revista |
